LDR 01267naa#a2200217#i#450# 001 RU\\bibl\121379 005 20260428111649.2 011 ## _a1994-4683 100 ## _a20230531b2023####ek#y0rusy0150####ca 102 ## _aRU 200 1# _aСПОРТИВНЫЕ ИГРЫ КАК СРЕДСТВО ФОРМИРОВАНИЯ ПРОФЕССИОНАЛЬНО-ПРИКЛАДНЫХ ПСИХОФИЗИЧЕСКИХ КАЧЕСТВ В СИСТЕМЕ ВЫСШЕГО ОБРАЗОВАНИЯ РФ _eЖурнальная статья 210 1# _aМосква _cНациональный государственный Университет физической культуры, спорта и здоровья им. П.Ф. Лесгафта _d2023 215 ## _a3 с. 608 ## _aЖурнальная статья _2local 675 ## _aМетодика физического воспитания. Пути и средства физического воспитания. Учебные заведения физической культуры. 796.011.3 _z 700 #1 _aАгеевец _gА В 700 #1 _aЕфимов-Комаров _gВ Ю 700 #1 _aЕфимова-Комарова _gЛ Б 700 #1 _aНазаренко _gЕ А 700 #1 _aПучкова _gМ В 856 4# _auchzapiski.lesgaft.spb.ru _u